00928nam a22002055i 4500001000700000003000900007005001700016008004100033040003000074100002200104245021600126260010000342300002600442650002900468752002400497752002400521852003600545999001900581952012200600165447ES-MaACL20250721062643.0010723s1885 fr |||| | fre d aCCPB | B bspa cCCPB | B1 aSmith, L.913278414aLes coalitions et les grèves d'après l'histoire et l'économie politique avec un appendice de lois de divers pays b: prix Rossi de 1885 à l'Académie des sciences morales et politiques / cpar L. Smith. aParis : bGuillaumin et C\pie\s, éditeurs, c[s.a.] (eCrété) :fCorbeil Typ. et stér.) aIV, 288 p. ; c22 cm. 7aEconomía2embne912006 aFrancia - dParís aFrancia - dCorbeil aES-MaACLjF-4062 z-- Enc. hol. c165447d165447 00104070aATENEOMbATENEOMcDEPO2d2008-01-17eSSCl0oF-4062p1173492r2023-02-23 00:00:00w2023-02-23yMONOGRAFIA